000 00373nam a2200157Ia 4500
008 230524s9999 xx 000 0 und d
082 _a537
_bRED
100 _aRama s Reddy
_96434
245 0 _aElectro magnetics Theory
250 _a1ST
260 _aCHENNAI
_bScitech
_c2003
300 _aXIII;232
500 _aQuantity Number: 1
650 _aElectrical
942 _cBK
999 _c8977
_d8977